000 00742nam a2200193 i 4500
001 162877
003 ES-MaACL
005 20250806053935.0
008 011030s1854 fr |||| | fre d
040 _aCCPB | B
_bspa
_cCCPB | B
100 1 _aRacle, V.-A.
_9233482
245 1 0 _aTraité de diagnostic médical ou Guide clinique pour l'étude des signes caractéristiques des maladies /
_cpar V.-A. Racle.
260 _aA Paris :
_bchez J.-B. Baillière,
_c1854.
300 _a579 p. ;
_c18 cm.
650 7 _aMedicina clínica
_2embne
_914921
650 4 _aDiagnóstico.
_911851
852 _aES-MaACL
_jG-10719
_z-- Enc. hol.
_x-- T300: Este ejemp. tiene XII, 579 p. -- T260: El impresor es Martinet
999 _c162877
_d162877